Taylor Swift: I Knew You Were Trouble - Statistics

General Stats
  • This quiz has been taken 905 times
  • The average score is 47 of 58
Answer Stats
Quote Left Out Word % Correct
Once Upon A ____ Time
100%
A Few Mistakes ___ Ago
95%
You Found __ Me
95%
You Found __ Me
95%
You Found __ Me
95%
Without __, Without __, Without __ Me
93%
Cause I Knew You Were _______ When You Walked In Trouble
93%
When He's Next To __ Me
92%
And He's Long ____ Gone
91%
You Took A Step ____ Back
90%
Now I'm Lying On The Cold Hard ______ Ground
90%
And I guess I Liked ____ That
90%
I Guess You Didn't ____ Care
89%
Oh, Oh, _______, _______, _______ Trouble
89%
So _____ On Me Now Shame
88%
Oh, Oh, _______, _______, _______ Trouble
88%
You Got Me _____ Alone
86%
And I _______ The Blame Is On Me Realize
85%
Now I'm Lying On The ____ Hard Ground Cold
84%
I Knew You Were _______ When You Walked In Trouble
84%
I Knew You Were _______ When You Walked In Trouble
84%
When He Met __ Me
83%
__, __, Trouble, Trouble, Trouble Oh
83%
Flew Me To ______ I'd Never Been Places
83%
Oh, Oh, _______, _______, _______ Trouble
83%
That He's The Reason ___ Why
83%
He Was Long ____ Gone
82%
I Knew You Were _______ When You Walked In Trouble
82%
____ Me To Places I'd Never Been Flew
81%
Now I'm Lying On The Cold ____ Ground Hard
81%
I ____ You Were Trouble When You Walked In Knew
81%
I ____ You Were Trouble Whe You Walked In Knew
81%
Oh, Oh, _______, _______, _______ Trouble
81%
Oh, Oh, _______, _______, _______ Trouble
81%
Pretend He Doesn't ____ Know
80%
Flew Me To ______ I'd Never Been Places
80%
So _____ On Me Now Shame
80%
So _____ On Me Now Shame
80%
____ Me To Places I'd Never Been Flew
79%
_______, _______, _______ Trouble
79%
_______, _______, _______ Trouble
79%
So You Put Me ____ Oh Down
78%
Type In "I Knew You Were Trouble" To Win I Knew You Were Trouble
78%
So _____ On Me Now Shame
78%
Is All I'll Ever __ Be
77%
He'll Never See You ___ Cry
77%
You're ________, You're ________, You're ________ Drowning
76%
That You Never _____ Me Or Her Or Anyone Or Anything Loved
75%
And I Heard You _____ On Moved
75%
And Now I ___, Now I ___, Now I ___ See
75%
And When I Fell ____ Hard
73%
____ Yeah
73%
And I Realize The ____ Is On Me Joke
72%
I Was In Your ______ Sights
69%
From ________ On The Street Whispers
69%
No _________ Apologies
61%
When Your _______ Fear Comes Creeping In Saddest
59%
A New _____ In Your Belt Notch
58%
No matching quizzes found
Score Distribution
Percent of People with Each Score
Percentile by Number Answered
Your Score History
You have not taken this quiz